000
00461nam a2200169Ia 4500
008
090711s9999 xx 000 0 und d
082
_b
77964
100
_a
जोगळेकर योगिनी
245
_a
शर्यत
260
_c
1996
300
_a
172
600
_a
जोगळेकर योगिनी
630
_a
शर्यत
700
_a
जोगळेकर योगिनी
730
_a
शर्यत
942
_c
BOOK
999
_c
314372
_d
314372